00624nam a2200193 i 4500001000300000100002300003245009600026250001400122260002100136700002000157040000800177041000800185080002500193942000700218008004100225999001700266856009800283952004900381bg1 aALBIŃSKA, Danuta 0aZbiór zadań z wytrzymałości materiałów /cDanuta Albińska, Janusz Walczak. T.2. aWyd.2 zm. aKraków,c1981.1 aWALCZAK, Janusz cBPK apol a539.3/.6(075.8)(076) cKS s pl f |000 0 pol  c20337d20337 uhttp://koha.tu.koszalin.pl/cgi-bin/koha/opac-detail.pl?biblionumber=20337yKatalog online BPK 00104070aBPKbBPKcwo28688p01125924yKS